Stříbrné housle /

Další díl detektivní série, která se odehrává ve fiktivním Arvédském království. I tentokrát se setkáváme s inspektorkou Sofií Gardererovou a komisařem Gavinem Desmondem, kteří budou vyšetřovat vraždu jeptišky.

Hlavní autor: Andrásová, Regina, 1972-
Jazyk: Čeština
Vydáno: Praha : Dobrovský s.r.o., 2025
Edice: Vendeta
Témata:
Fyzický popis: 319 stran ; 20 cm
Knihy
Uloženo v:
LEADER 02554nam a2200421 i 4500
001 nkc20253720496
003 CZ PrNK
005 20260303064520.0
007 ta
008 251114s2025 xr g 000 f cze
015 |a cnb003720496 
020 |a 978-80-277-4392-6  |q (brožováno) :  |c Kč 399,00 
035 |a (OCoLC)1578134686 
040 |a ABG001  |b cze  |d ABA001  |e rda 
072 7 |a 821.162.3-3  |x Česká próza  |2 Konspekt  |9 25 
080 |a 821.162.3-31  |2 MRF 
080 |a (0:82-312.4)  |2 MRF 
100 1 |a Andrásová, Regina,  |d 1972-  |7 xx0076065  |4 aut 
245 1 0 |a Stříbrné housle /  |c Regina Andrásová 
264 1 |a Praha :  |b Dobrovský s.r.o.,  |c 2025 
300 |a 319 stran ;  |c 20 cm 
336 |a text  |b txt  |2 rdacontent 
337 |a bez média  |b n  |2 rdamedia 
338 |a svazek  |b nc  |2 rdacarrier 
490 1 |a Vendeta 
520 2 |a Další díl detektivní série, která se odehrává ve fiktivním Arvédském království. I tentokrát se setkáváme s inspektorkou Sofií Gardererovou a komisařem Gavinem Desmondem, kteří budou vyšetřovat vraždu jeptišky.  |b Jednoho časného červnového rána objeví matka představená v uličce před klášterem zavražděnou jeptišku sestru Paolu. Na místo činu se dostaví tým komisaře Gavina Desmonda včetně inspektorky Sofie Gardererové a soudního lékaře Simeona Livingstona a začíná pátrání po vrahovi a motivu vraždy, které je zavede na různá místa, od gay klubu přes královskou kancelář až po akademickou komunitu. Během vyšetřování řeší i své osobní životy; zatímco Sofie po odchodu předchozí šéfové rozkvétá, Gavin se potácí v neuspokojivém vztahu. Simeon po seznámení s Gavinovým bratrem Gordonem váhá, jestli má ještě odvahu se zamilovat, a setkáváme se i s druhým komisařovým bratrem, houslistou Garrettem. Pátrání to však nebude jednoduché. Zdá se totiž, že najít někoho, kdo by měl důvod zabít tichou dívku, bude náročné. Nebo sestra Paola nebyla tak nevinná, jak se jevila? Nakladatelská anotace. Kráceno. 
655 7 |a české romány  |7 fd133974  |2 czenas 
655 7 |a detektivní romány  |7 fd132010  |2 czenas 
655 9 |a Czech fiction  |2 eczenas 
655 9 |a detective novels  |2 eczenas 
787 0 8 |i Z cyklu:  |t Arvédské království  |g 2 
830 0 |a Vendeta  |0 s 
910 2 |a BOA001  |b 1-1556.357 
920 |a 5175290  |z ABG001 
990 |a BK 
995 |a 01 
991 |b 202602  |c NOV 
996 6 |b 2611023990  |c 1-1556.357  |l MZK  |r Sklad / do 1 hodiny  |n 0  |p p.v.  |w 002031713  |u 000010  |a 1  |e BOA001  |j MZK50  |s P